[Event "SVK-chT3B2 2122"]
[Site "Slovakia"]
[Date "2022.04.24"]
[Round "9.7"]
[White "Horvath, Alojz"]
[Black "Kostelansky, Karol"]
[Result "1-0"]
[WhiteElo "1686"]
[BlackElo "1821"]
[PlyCount "35"]
[EventDate "2021.10.24"]
[EventType "team-tourn"]
[EventRounds "11"]
[EventCountry "SVK"]
[SourceTitle "EXT 2024"]
[Source "ChessBase"]
[SourceDate "2023.10.10"]
[SourceVersion "1"]
[SourceVersionDate "2023.10.10"]
[SourceQuality "1"]
[WhiteTeam "Dubnica nad Vahom III"]
[BlackTeam "Povazske Podhradie II"]
[WhiteTeamCountry "SVK"]
[BlackTeamCountry "SVK"]

1. e4 d5 2. exd5 Nf6 3. c4 e6 4. Qe2 Bc5 5. Nf3 0-0 6. d4 Bb4+ 7. Nc3 exd5 8. Qc2 Re8+ 9. Be2 Qe7 10. Kd1 Nc6 11. Bg5 Bf5 12. Qxf5 Bxc3 13. Bd3 dxc4 14. Bxf6 Qxf6 15. Qxf6 gxf6 16. bxc3 cxd3 17. Ne1 Na5 18. Nxd3 1-0

[Event "SVK-chT3B2 2122"]
[Site "Slovakia"]
[Date "2022.04.03"]
[Round "7.8"]
[White "Kosik, Peter"]
[Black "Horvath, Alojz"]
[Result "0-1"]
[WhiteElo "1494"]
[BlackElo "1686"]
[PlyCount "54"]
[EventDate "2021.10.24"]
[EventType "team-tourn"]
[EventRounds "11"]
[EventCountry "SVK"]
[SourceTitle "EXT 2024"]
[Source "ChessBase"]
[SourceDate "2023.10.10"]
[SourceVersion "1"]
[SourceVersionDate "2023.10.10"]
[SourceQuality "1"]
[WhiteTeam "Chynorany"]
[BlackTeam "Dubnica nad Vahom III"]
[WhiteTeamCountry "SVK"]
[BlackTeamCountry "SVK"]

1. e4 e5 2. f4 d6 3. Nf3 Bg4 4. h3 Bxf3 5. Qxf3 exf4 6. Qxf4 Qf6 7. d3 Nd7 8. Nc3 Qxf4 9. Bxf4 c6 10. Be2 Be7 11. Bg4 Ngf6 12. Bf3 Ne5 13. Bxe5 dxe5 14. 0-0-0 Rd8 15. g4 h6 16. Ne2 c5 17. Nc3 0-0 18. Rdg1 Nh7 19. Nd5 Bh4 20. Kb1 Rd7 21. b3 Ng5 22. Be2 Ne6 23. Ne3 Bf2 24. Rf1 Bxe3 25. Rf3 Bg5 26. c3 a6 27. Kc2 b5 0-1

[Event "SVK-chT3B2 1920"]
[Site "Slovakia"]
[Date "2020.06.28"]
[Round "11.5"]
[White "Masar, Jan"]
[Black "Horvath, Alojz"]
[Result "1/2-1/2"]
[WhiteElo "1791"]
[BlackElo "1661"]
[PlyCount "135"]
[EventDate "2019.10.06"]
[EventType "team-tourn"]
[EventRounds "11"]
[EventCountry "SVK"]
[SourceTitle "EXT 2022"]
[Source "ChessBase"]
[SourceDate "2021.10.06"]
[SourceVersion "1"]
[SourceVersionDate "2021.10.06"]
[SourceQuality "1"]
[WhiteTeam "Handlova"]
[BlackTeam "Dubnica nad Vahom III"]
[WhiteTeamCountry "SVK"]
[BlackTeamCountry "SVK"]

1. e4 c5 2. Nf3 Nc6 3. d4 cxd4 4. Nxd4 d6 5. Nc3 g6 6. Bb5 Bd7 7. 0-0 Bg7 8. Be3 Nf6 9. f4 Ng4 10. Nxc6 bxc6 11. Bd4 Bxd4+ 12. Qxd4 Qb6 13. Qxb6 axb6 14. Bd3 0-0 15. a3 Ra7 16. h3 Nf6 17. Rad1 Rd8 18. Bc4 Ne8 19. g4 e6 20. Rde1 Ng7 21. Rf2 d5 22. exd5 exd5 23. Bd3 f5 24. Re7 Kf8 25. Rfe2 Re8 26. Rxe8+ Nxe8 27. gxf5 gxf5 28. Re5 Nd6 29. Ne2 Ne4 30. Kg2 Bc8 31. Kf3 Rg7 32. c4 Nd2+ 33. Ke3 Nxc4+ 34. Bxc4 dxc4 35. Kd4 Rg2 36. Re3 Kf7 37. Kc3 Rf2 38. Nd4 Rxf4 39. Nxc6 Rf2 40. Ne5+ Kf6 41. Nxc4 f4 42. Re8 Bxh3 43. Nxb6 Be6 44. a4 Kf7 45. Rd8 Rg2 46. Rd4 Rg3+ 47. Kd2 Rg2+ 48. Kc3 Rg3+ 49. Rd3 Bf5 50. Rxg3 fxg3 51. Nc4 g2 52. Ne5+ Ke6 53. Nf3 h5 54. Kd4 Kd6 55. b4 h4 56. Ke3 h3 57. Kf2 Kd5 58. a5 Be4 59. Nh2 Kc4 60. Kg1 Kxb4 61. a6 Kb5 62. a7 Kb6 63. Ng4 Kxa7 64. Nf6 Bf3 65. Nd7 Kb7 66. Nc5+ Kc6 67. Nd3 Kd6 68. Nf4 1/2-1/2

[Event "SVK-chT3B2 1920"]
[Site "Slovakia"]
[Date "2019.10.06"]
[Round "1.5"]
[White "Horvath, Alojz"]
[Black "Mego, Peter"]
[Result "1/2-1/2"]
[WhiteElo "1661"]
[BlackElo "1747"]
[PlyCount "43"]
[EventDate "2019.10.06"]
[EventType "team-tourn"]
[EventRounds "11"]
[EventCountry "SVK"]
[SourceTitle "CBM 193 Extra"]
[Source "ChessBase"]
[SourceDate "2020.01.31"]
[SourceVersion "1"]
[SourceVersionDate "2020.01.31"]
[SourceQuality "1"]
[WhiteTeam "Dubnica nad Vahom III"]
[BlackTeam "Povazske Podhradie"]
[WhiteTeamCountry "SVK"]
[BlackTeamCountry "SVK"]

1. e4 e6 2. Nf3 d5 3. exd5 exd5 4. d4 Nf6 5. h3 Bf5 6. Be2 Be7 7. Nc3 c6 8. Ne5 Nbd7 9. Bd3 Bxd3 10. Nxd3 0-0 11. 0-0 Bd6 12. Ne2 Qc7 13. Bf4 Rfe8 14. Bxd6 Qxd6 15. Ng3 g6 16. Qf3 Ne4 17. Rad1 Nxg3 18. fxg3 Re7 19. Rde1 Rae8 20. Qf4 Qxf4 21. gxf4 Rxe1 22. Rxe1 1/2-1/2

[Event "SVK-chT3B2 1819"]
[Site "Slovakia"]
[Date "2019.04.14"]
[Round "11.3"]
[White "Blazek, Milos"]
[Black "Horvath, Alojz"]
[Result "1-0"]
[WhiteElo "1963"]
[BlackElo "1674"]
[PlyCount "42"]
[EventDate "2018.10.21"]
[EventType "team-tourn"]
[EventRounds "11"]
[EventCountry "SVK"]
[SourceTitle "EXT 2020"]
[Source "ChessBase"]
[SourceDate "2019.10.17"]
[SourceVersion "1"]
[SourceVersionDate "2019.10.17"]
[SourceQuality "1"]
[WhiteTeam "Trencin "]
[BlackTeam "Nemsova Horne Srnie"]
[WhiteTeamCountry "SVK"]
[BlackTeamCountry "SVK"]

1. e4 c5 2. Nf3 Nc6 3. d4 cxd4 4. Nxd4 d6 5. Nc3 g6 6. Be3 Bg7 7. Bc4 Nf6 8. f3 0-0 9. Qd2 a6 10. 0-0-0 Ne5 11. Bb3 Qc7 12. Bh6 Nc4 13. Bxc4 Qxc4 14. h4 b5 15. Kb1 Be6 16. Nxe6 Qxe6 17. g4 Rfc8 18. Bxg7 Kxg7 19. h5 Ne8 20. hxg6 Qxg6 21. Nd5 Rab8 1-0

[Event "SVK-chT3B2 1819"]
[Site "Slovakia"]
[Date "2019.03.10"]
[Round "9.2"]
[White "Horvath, Alojz"]
[Black "Slotik, Igor"]
[Result "1-0"]
[WhiteElo "1674"]
[BlackElo "1963"]
[PlyCount "70"]
[EventDate "2018.10.21"]
[EventType "team-tourn"]
[EventRounds "11"]
[EventCountry "SVK"]
[SourceTitle "CBM 189 Extra"]
[Source "ChessBase"]
[SourceDate "2019.06.03"]
[SourceVersion "1"]
[SourceVersionDate "2019.06.03"]
[SourceQuality "1"]
[WhiteTeam "Nemsova Horne Srnie"]
[BlackTeam "Dubnica nad Vahom IV"]
[WhiteTeamCountry "SVK"]
[BlackTeamCountry "SVK"]

1. e4 c5 2. Nf3 Nc6 3. d4 cxd4 4. Nxd4 Nf6 5. Nc3 e5 6. Ndb5 d6 7. Bg5 a6 8. Bxf6 gxf6 9. Na3 b5 10. Nd5 f5 11. Bd3 Be6 12. Qh5 Bg7 13. c3 Bxd5 14. exd5 Ne7 15. Bxf5 Nxf5 16. Qxf5 0-0 17. Nc2 e4 18. Ne3 Re8 19. Ng4 Qh4 20. g3 Qe7 21. h4 b4 22. 0-0 bxc3 23. bxc3 Bxc3 24. Rac1 Bg7 25. h5 h6 26. Rc6 a5 27. Rfc1 a4 28. Rc7 Qf8 29. Ne3 Re7 30. Qg4 Kh8 31. Nf5 Rxc7 32. Rxc7 Be5 33. Qxe4 Rc8 34. Rc6 a3 35. Qe3 Bg7 1-0

[Event "SVK-chT3B2 1819"]
[Site "Slovakia"]
[Date "2019.02.10"]
[Round "7.3"]
[White "Jurik, Karol"]
[Black "Horvath, Alojz"]
[Result "1/2-1/2"]
[WhiteElo "1851"]
[BlackElo "1674"]
[PlyCount "49"]
[EventDate "2018.10.21"]
[EventType "team-tourn"]
[EventRounds "11"]
[EventCountry "SVK"]
[SourceTitle "CBM 189 Extra"]
[Source "ChessBase"]
[SourceDate "2019.06.03"]
[SourceVersion "1"]
[SourceVersionDate "2019.06.03"]
[SourceQuality "1"]
[WhiteTeam "Lehota pod Vtacnikom"]
[BlackTeam "Nemsova Horne Srnie"]
[WhiteTeamCountry "SVK"]
[BlackTeamCountry "SVK"]

1. e4 c5 2. Nf3 Nc6 3. d4 cxd4 4. Nxd4 d6 5. Be3 Nf6 6. Nc3 Bd7 7. Be2 g6 8. 0-0 Bg7 9. a3 0-0 10. Nxc6 Bxc6 11. f3 Re8 12. Rb1 Nd7 13. Bd4 Bxd4+ 14. Qxd4 Qb6 15. Qxb6 Nxb6 16. Nb5 Bxb5 17. Bxb5 Rac8 18. Bd3 Rc7 19. b3 Nd7 20. c4 Rec8 21. Rfd1 b6 22. Be2 h5 23. h4 Nf6 24. Kf2 Kg7 25. Ke3 1/2-1/2

[Event "SVK-chT2B 1819"]
[Site "Slovakia"]
[Date "2019.02.03"]
[Round "7.7"]
[White "Horvath, Alojz"]
[Black "Belak, Stefan"]
[Result "0-1"]
[WhiteElo "1667"]
[BlackElo "1848"]
[PlyCount "106"]
[EventDate "2018.10.13"]
[EventType "team-tourn"]
[EventRounds "11"]
[EventCountry "SVK"]
[SourceTitle "CBM 189 Extra"]
[Source "ChessBase"]
[SourceDate "2019.06.03"]
[SourceVersion "1"]
[SourceVersionDate "2019.06.03"]
[SourceQuality "1"]
[WhiteTeam "Nemsova Horne Srnie"]
[BlackTeam "Povazska Bystrica"]
[WhiteTeamCountry "SVK"]
[BlackTeamCountry "SVK"]

1. e4 e6 2. Nf3 d5 3. exd5 exd5 4. d4 Bg4 5. h3 Bh5 6. Bd3 Qe7+ 7. Qe2 Bxf3 8. gxf3 Qxe2+ 9. Bxe2 Nd7 10. Nc3 c6 11. a3 Ne7 12. Nd1 Ng6 13. Ne3 Nf4 14. Bf1 Ne6 15. c3 h5 16. Nc2 Bd6 17. Be3 h4 18. Rg1 g6 19. Bd3 Nf6 20. 0-0-0 0-0-0 21. Ne1 Rde8 22. Ng2 Nh5 23. Kc2 Nef4 24. Nxf4 Nxf4 25. Bf1 Reg8 26. Rg4 Ne6 27. Kd2 f5 28. Rg2 f4 29. Bd3 fxe3+ 30. fxe3 Bg3 31. Rf1 Ng5 32. Ke2 Rh7 33. f4 Ne4 34. Rf3 Re7 35. Bxe4 Rxe4 36. Rgxg3 hxg3 37. Rxg3 Rge8 38. Kf2 R8e6 39. Rf3 Kd7 40. Rg3 Ke8 41. Rf3 Kf7 42. Rg3 Kf6 43. h4 Re8 44. Rh3 R4e7 45. Rg3 Rh8 46. Rh3 Kf5 47. Kf3 Reh7 48. Kg3 Rh5 49. Rh1 Ke4 50. Kg4 R8h7 51. Rh3 a6 52. a4 Kd3 53. a5 Re7 0-1

[Event "SVK-chT3B2 1819"]
[Site "Slovakia"]
[Date "2019.01.27"]
[Round "6.3"]
[White "Horvath, Alojz"]
[Black "Gombar, Peter"]
[Result "1/2-1/2"]
[WhiteElo "1674"]
[BlackElo "1973"]
[PlyCount "69"]
[EventDate "2018.10.21"]
[EventType "team-tourn"]
[EventRounds "11"]
[EventCountry "SVK"]
[SourceTitle "CBM 189 Extra"]
[Source "ChessBase"]
[SourceDate "2019.06.03"]
[SourceVersion "1"]
[SourceVersionDate "2019.06.03"]
[SourceQuality "1"]
[WhiteTeam "Nemsova Horne Srnie"]
[BlackTeam "Povazska Bystrica Sparta"]
[WhiteTeamCountry "SVK"]
[BlackTeamCountry "SVK"]

1. e4 d6 2. Nf3 Nf6 3. Nc3 Nbd7 4. d4 e5 5. dxe5 dxe5 6. Bc4 Be7 7. Be3 c6 8. a3 Qc7 9. Qe2 0-0 10. 0-0 b5 11. Ba2 a5 12. b4 Bb7 13. Rab1 axb4 14. axb4 Ra3 15. Bd2 Rfa8 16. Bb3 h6 17. Ne1 Bd6 18. Nd3 Re8 19. Nd1 Bc8 20. Ne3 Nf8 21. Ra1 Rxa1 22. Rxa1 Nxe4 23. Be1 Nf6 24. g3 Ne6 25. Bxe6 Bxe6 26. Nc5 Qe7 27. Nxe6 Qxe6 28. c3 Bc7 29. Ra6 Nd5 30. Qf3 e4 31. Qg4 Nxe3 32. Qxe6 Rxe6 33. fxe3 Kf8 34. Kf2 Ke7 35. Ra2 1/2-1/2

[Event "SVK-chT2B 1819"]
[Site "Slovakia"]
[Date "2018.12.16"]
[Round "6.7"]
[White "Zahorcek, Jakub"]
[Black "Horvath, Alojz"]
[Result "1/2-1/2"]
[WhiteElo "1629"]
[BlackElo "1667"]
[PlyCount "30"]
[EventDate "2018.10.13"]
[EventType "team-tourn"]
[EventRounds "11"]
[EventCountry "SVK"]
[SourceTitle "CBM 189 Extra"]
[Source "ChessBase"]
[SourceDate "2019.06.03"]
[SourceVersion "1"]
[SourceVersionDate "2019.06.03"]
[SourceQuality "1"]
[WhiteTeam "Povazske Podhradie"]
[BlackTeam "Nemsova Horne Srnie"]
[WhiteTeamCountry "SVK"]
[BlackTeamCountry "SVK"]

1. d4 d5 2. Nf3 Nf6 3. Bf4 g6 4. e3 Bg7 5. Bd3 Bg4 6. Nbd2 Nbd7 7. h3 Bxf3 8. Nxf3 0-0 9. c3 c6 10. 0-0 Qb6 11. Qc2 c5 12. Rfe1 c4 13. Be2 Ne4 14. Bxc4 e6 15. Bd3 f5 1/2-1/2

[Event "SVK-chT3B2 1819"]
[Site "Slovakia"]
[Date "2018.11.25"]
[Round "3.3"]
[White "Horvath, Alojz"]
[Black "Dzurenda, Vladimir"]
[Result "1/2-1/2"]
[WhiteElo "1674"]
[BlackElo "1812"]
[PlyCount "43"]
[EventDate "2018.10.21"]
[EventType "team-tourn"]
[EventRounds "11"]
[EventCountry "SVK"]
[SourceTitle "CBM 189 Extra"]
[Source "ChessBase"]
[SourceDate "2019.06.03"]
[SourceVersion "1"]
[SourceVersionDate "2019.06.03"]
[SourceQuality "1"]
[WhiteTeam "Nemsova Horne Srnie"]
[BlackTeam "Bojnice"]
[WhiteTeamCountry "SVK"]
[BlackTeamCountry "SVK"]

1. e4 c5 2. Nf3 Nc6 3. d4 cxd4 4. Nxd4 d6 5. Nc3 Nf6 6. Be2 g6 7. Be3 Bd7 8. f4 Bg7 9. Qd2 0-0 10. 0-0-0 a6 11. Bf3 Rc8 12. Nxc6 Bxc6 13. Kb1 Qa5 14. Nd5 Qxd2 15. Nxf6+ Bxf6 16. Rxd2 Bg7 17. Rf1 b5 18. Bd4 Bh6 19. g3 Rfd8 20. c3 Rd7 21. Kc1 a5 22. Kd1 1/2-1/2

[Event "SVK-chT3B2 1819"]
[Site "Slovakia"]
[Date "2018.11.11"]
[Round "2.3"]
[White "Rucek, Kristian"]
[Black "Horvath, Alojz"]
[Result "1-0"]
[WhiteElo "1737"]
[BlackElo "1674"]
[PlyCount "87"]
[EventDate "2018.10.21"]
[EventType "team-tourn"]
[EventRounds "11"]
[EventCountry "SVK"]
[SourceTitle "CBM 189 Extra"]
[Source "ChessBase"]
[SourceDate "2019.06.03"]
[SourceVersion "1"]
[SourceVersionDate "2019.06.03"]
[SourceQuality "1"]
[WhiteTeam "Belusa"]
[BlackTeam "Nemsova Horne Srnie"]
[WhiteTeamCountry "SVK"]
[BlackTeamCountry "SVK"]

1. c4 c5 2. Nc3 Nc6 3. g3 g6 4. Bg2 Bg7 5. d3 Nf6 6. Nf3 0-0 7. 0-0 d6 8. Ne1 Bd7 9. Nc2 a6 10. e4 Ne8 11. Be3 e5 12. f4 exf4 13. Bxf4 Be6 14. Qd2 Nd4 15. Nxd4 Bxd4+ 16. Be3 Bg7 17. Rab1 Qa5 18. a3 Rb8 19. Nd5 Qxd2 20. Bxd2 Bd4+ 21. Kh1 Bxd5 22. exd5 Nf6 23. Bc3 Bxc3 24. bxc3 Kg7 25. Rb6 Rfd8 26. Bh3 Ne8 27. Rfb1 f5 28. Rxb7+ Rxb7 29. Rxb7+ Kh6 30. d4 Rc8 31. Bf1 Nf6 32. Rb6 Ne4 33. dxc5 Rxc5 34. Rxa6 Nd2 35. Bd3 Ne4 36. Kg2 Nxc3 37. Rxd6 Ra5 38. c5 Rxa3 39. c6 Nd1 40. c7 Rc3 41. Rc6 Ne3+ 42. Kh3 Rxc6 43. dxc6 g5 44. Bxf5 1-0

[Event "SVK-chT2B 1819"]
[Site "Slovakia"]
[Date "2018.10.14"]
[Round "2.7"]
[White "Horvath, Alojz"]
[Black "Kostolanyi, Simon"]
[Result "0-1"]
[WhiteElo "1675"]
[BlackElo "1755"]
[PlyCount "66"]
[EventDate "2018.10.13"]
[EventType "team-tourn"]
[EventRounds "11"]
[EventCountry "SVK"]
[SourceTitle "CBM 187 Extra"]
[Source "ChessBase"]
[SourceDate "2018.11.04"]
[SourceVersion "1"]
[SourceVersionDate "2018.11.04"]
[SourceQuality "1"]
[WhiteTeam "Nemsova Horne Srnie"]
[BlackTeam "Levice"]
[WhiteTeamCountry "SVK"]
[BlackTeamCountry "SVK"]

1. e4 e5 2. Nf3 Nc6 3. Bb5 Nge7 4. Nc3 d6 5. d4 exd4 6. Nxd4 Bd7 7. Bg5 f6 8. Bh4 Nxd4 9. Bxd7+ Qxd7 10. Qxd4 Nc6 11. Qa4 0-0-0 12. Bg3 f5 13. 0-0-0 g6 14. Rhe1 Bh6+ 15. f4 Rde8 16. Kb1 Bg7 17. e5 Re6 18. Qc4 Rhe8 19. Nd5 Kb8 20. Bh4 Qf7 21. exd6 Rxd6 22. Rxe8+ Qxe8 23. Nc3 Na5 24. Qf1 Bxc3 25. bxc3 Nc4 26. Qxc4 Rxd1+ 27. Kb2 Rd2 28. Bf6 Rxg2 29. h4 Re2 30. Be5 Re4 31. Qxc7+ Ka8 32. c4 a6 33. a4 Ka7 0-1

[Event "SVK-chT3B2 1718"]
[Site "Slovakia"]
[Date "2018.02.18"]
[Round "9.5"]
[White "Horvath, Alojz"]
[Black "Bezak, Radovan"]
[Result "1/2-1/2"]
[WhiteElo "1663"]
[BlackElo "1643"]
[PlyCount "106"]
[EventDate "2017.10.08"]
[EventType "team-tourn"]
[EventRounds "11"]
[EventCountry "SVK"]
[SourceTitle "EXT 2020"]
[Source "ChessBase"]
[SourceDate "2019.10.17"]
[SourceVersion "1"]
[SourceVersionDate "2019.10.17"]
[SourceQuality "1"]
[WhiteTeam "Nemsova Horne Srnie"]
[BlackTeam "Chynorany"]
[WhiteTeamCountry "SVK"]
[BlackTeamCountry "SVK"]

1. e4 e5 2. Nf3 Nc6 3. Bb5 d6 4. d4 exd4 5. Nxd4 Bd7 6. Nxc6 bxc6 7. Be2 g6 8. 0-0 Bg7 9. c3 Ne7 10. Nd2 0-0 11. Nf3 Qe8 12. Re1 c5 13. Bc4 Be6 14. Qe2 c6 15. Ng5 Qd7 16. Be3 d5 17. exd5 cxd5 18. Rad1 Qc6 19. Bb5 Qb6 20. b4 Bxc3 21. Bxc5 Qb7 22. Nxe6 fxe6 23. Qxe6+ Rf7 24. Ba6 Qc6 25. Bxe7 Qxe6 26. Rxe6 Re8 27. Rxd5 Rfxe7 28. Rxe7 Rxe7 29. Rd8+ Kg7 30. g3 Bxb4 31. Rb8 Bc5 32. Rb7 Rxb7 33. Bxb7 Kf6 34. Kg2 h6 35. h4 Kf5 36. Bc8+ Kf6 37. f3 g5 38. Kh3 Be3 39. Kg4 Bd2 40. Kh5 gxh4 41. Kxh4 Kg6 42. Ba6 Bc3 43. Bd3+ Kg7 44. Kg4 Bd4 45. Kf5 Bc3 46. g4 Bd4 47. Ke6 Be3 48. Ke5 Bd2 49. f4 Bc3+ 50. Kf5 Bd4 51. Be2 Bc3 52. a4 Bd4 53. Ke4 Bc3 1/2-1/2

[Event "SVK-chT3B2 1718"]
[Site "Slovakia"]
[Date "2018.01.07"]
[Round "7.4"]
[White "Horvath, Alojz"]
[Black "Sliva, Frantisek"]
[Result "1/2-1/2"]
[WhiteElo "1663"]
[BlackElo "1770"]
[PlyCount "69"]
[EventDate "2017.10.08"]
[EventType "team-tourn"]
[EventRounds "11"]
[EventCountry "SVK"]
[SourceTitle "EXT 2019"]
[Source "ChessBase"]
[SourceDate "2018.10.10"]
[SourceVersion "1"]
[SourceVersionDate "2018.10.10"]
[SourceQuality "1"]
[WhiteTeam "Nemsova Horne Srnie"]
[BlackTeam "Dubnica nad Vahom III"]
[WhiteTeamCountry "SVK"]
[BlackTeamCountry "SVK"]

1. e4 b6 2. Nf3 Bb7 3. Nc3 e6 4. a3 Nf6 5. d3 Be7 6. Be2 d5 7. exd5 exd5 8. d4 0-0 9. 0-0 Nbd7 10. Bd3 Ne4 11. Ne2 Ndf6 12. h3 h6 13. Ne5 Nd7 14. f4 f5 15. Ng6 Rf6 16. Nxe7+ Qxe7 17. Rf3 Re8 18. Bd2 Qf7 19. Be1 Qh5 20. Ng3 Qg6 21. Kh2 Rfe6 22. Rf1 Ndf6 23. Qf3 Nxg3 24. Qxg3 Qxg3+ 25. Bxg3 g6 26. Kg1 Kf7 27. Bf2 h5 28. Rac1 Ne4 29. Bh4 Nd6 30. b3 c5 31. dxc5 bxc5 32. Rfe1 c4 33. Rxe6 Rxe6 34. Bf1 Re4 35. Bf2 1/2-1/2

[Event "SVK-chT3B2 1718"]
[Site "Slovakia"]
[Date "2017.10.22"]
[Round "2.4"]
[White "Hoppan, Igor"]
[Black "Horvath, Alojz"]
[Result "1/2-1/2"]
[WhiteElo "1570"]
[BlackElo "1663"]
[PlyCount "72"]
[EventDate "2017.10.08"]
[EventType "team-tourn"]
[EventRounds "11"]
[EventCountry "SVK"]
[SourceTitle "EXT 2019"]
[Source "ChessBase"]
[SourceDate "2018.10.10"]
[SourceVersion "1"]
[SourceVersionDate "2018.10.10"]
[SourceQuality "1"]
[WhiteTeam "Prievidza II"]
[BlackTeam "Nemsova Horne Srnie"]
[WhiteTeamCountry "SVK"]
[BlackTeamCountry "SVK"]

1. e4 e5 2. Nf3 Nc6 3. d4 exd4 4. Nxd4 Nxd4 5. Qxd4 d6 6. Be3 Qf6 7. Nc3 Qxd4 8. Bxd4 Bd7 9. 0-0-0 f6 10. f4 Be7 11. Be2 Nh6 12. Nd5 Bd8 13. Bh5+ Nf7 14. Rhe1 0-0 15. f5 Re8 16. Rd3 Bxf5 17. Rde3 Bg6 18. Bxg6 hxg6 19. Rg3 g5 20. h4 gxh4 21. Rg4 Ne5 22. Rxh4 c6 23. Ne3 c5 24. Bc3 Kf7 25. Nf5 Be7 26. Rh7 Rg8 27. Nh6+ Kg6 28. Nxg8 Rxg8 29. Rh3 Kf7 30. Bxe5 fxe5 31. c4 Ke6 32. Kc2 Rf8 33. Rf3 Rh8 34. Ref1 Rh4 35. Kd3 a6 36. g3 Rg4 1/2-1/2

[Event "SVK-chT3B2 1617"]
[Site "Slovakia"]
[Date "2017.03.19"]
[Round "10.6"]
[White "Horvath, Alojz"]
[Black "Kucharek, Tibor"]
[Result "1-0"]
[WhiteElo "1665"]
[BlackElo "1725"]
[PlyCount "68"]
[EventDate "2016.10.16"]
[EventType "team-tourn"]
[EventRounds "11"]
[EventCountry "SVK"]
[SourceTitle "EXT 2020"]
[Source "ChessBase"]
[SourceDate "2019.10.17"]
[SourceVersion "1"]
[SourceVersionDate "2019.10.17"]
[SourceQuality "1"]
[WhiteTeam "Nemsova Horne Srnie"]
[BlackTeam "Dubnica nad Vahom III"]
[WhiteTeamCountry "SVK"]
[BlackTeamCountry "SVK"]

1. e4 d6 2. d4 Nf6 3. Nc3 Nc6 4. Bb5 Bd7 5. Nf3 a6 6. Bc4 Bg4 7. Be2 e6 8. 0-0 Be7 9. d5 exd5 10. exd5 Bxf3 11. Bxf3 Ne5 12. Be2 c6 13. Bf4 Nfd7 14. Re1 0-0 15. b3 Qa5 16. dxc6 bxc6 17. Ne4 Qb4 18. c4 d5 19. Bd2 Qb7 20. cxd5 cxd5 21. Ng3 Nb6 22. Be3 Rad8 23. Bd4 Bb4 24. Bxe5 Bxe1 25. Qxe1 Rfe8 26. Bd4 Nc8 27. Qa5 Rd6 28. Rc1 Qd7 29. Bf3 Ne7 30. Qd2 Nc6 31. Bc5 Rf6 32. Qxd5 Qc8 33. Be3 Ree6 34. Bg4 Re5 1-0

[Event "SVK-chT3B2 1516"]
[Site "Slovakia"]
[Date "2016.01.10"]
[Round "5.4"]
[White "Horvath, Alojz"]
[Black "Sajtlava, Igor"]
[Result "1/2-1/2"]
[WhiteElo "1620"]
[BlackElo "1780"]
[PlyCount "33"]
[EventDate "2015.10.11"]
[EventType "team-tourn"]
[EventRounds "11"]
[EventCountry "SVK"]
[SourceTitle "CBM 170 Extra"]
[Source "ChessBase"]
[SourceDate "2016.02.25"]
[SourceVersion "1"]
[SourceVersionDate "2016.02.25"]
[SourceQuality "1"]
[WhiteTeam "Nemsova Horne Srnie"]
[BlackTeam "Dubnica nad Vahom III"]
[WhiteTeamCountry "SVK"]
[BlackTeamCountry "SVK"]

1. e4 c5 2. Nc3 Nc6 3. Nf3 g6 4. a3 Bg7 5. Bc4 e6 6. 0-0 d6 7. d3 Nge7 8. Rb1 a6 9. h3 b5 10. Ba2 Bb7 11. Ne2 Rc8 12. c3 d5 13. Ng3 Ne5 14. Nxe5 Bxe5 15. f4 Bg7 16. e5 d4 17. c4 1/2-1/2

[Event "SVK-chT3B2 1516"]
[Site "Slovakia"]
[Date "2015.12.13"]
[Round "4.4"]
[White "Vrbica, Ladislav"]
[Black "Horvath, Alojz"]
[Result "1-0"]
[WhiteElo "1966"]
[BlackElo "1620"]
[PlyCount "73"]
[EventDate "2015.10.11"]
[EventType "team-tourn"]
[EventRounds "11"]
[EventCountry "SVK"]
[SourceTitle "CBM 170 Extra"]
[Source "ChessBase"]
[SourceDate "2016.02.25"]
[SourceVersion "1"]
[SourceVersionDate "2016.02.25"]
[SourceQuality "1"]
[WhiteTeam "Povazska Bystrica III"]
[BlackTeam "Nemsova Horne Srnie"]
[WhiteTeamCountry "SVK"]
[BlackTeamCountry "SVK"]

1. c4 e5 2. Nc3 d6 3. Nf3 Nf6 4. g3 g6 5. Bg2 Bg7 6. 0-0 c6 7. d4 exd4 8. Nxd4 0-0 9. Bg5 Qc7 10. Qd2 Be6 11. b3 Nbd7 12. Rfd1 Ne8 13. Be7 Ne5 14. Bxf8 Kxf8 15. Rac1 Rd8 16. Ne4 Qe7 17. Nxe6+ fxe6 18. Bh3 Nf7 19. Qb4 b6 20. Bg2 d5 21. Qxe7+ Kxe7 22. cxd5 exd5 23. Nc3 Nc7 24. e3 Ne5 25. h3 Ne6 26. f4 Nd7 27. Ne2 Nb8 28. Kf1 Nc7 29. Bf3 c5 30. Nc3 Ke6 31. Bg4+ Ke7 32. Bf3 Ke6 33. Ne4 h6 34. Rc2 Nc6 35. Nxc5+ bxc5 36. Rxc5 Kd6 37. Rdc1 1-0

[Event "SVK-chT2B 9394"]
[Site "Slovakia"]
[Date "1994.??.??"]
[Round "8"]
[White "Eordogh, Szaniszlo"]
[Black "Horvath, Alojz"]
[Result "1/2-1/2"]
[WhiteElo "1810"]
[BlackElo "1750"]
[PlyCount "77"]
[EventDate "1993.??.??"]
[EventType "team"]
[EventRounds "14"]
[EventCountry "SVK"]
[SourceTitle "EXT 2001"]
[Source "ChessBase"]
[SourceDate "2000.11.22"]
[SourceVersion "1"]
[SourceVersionDate "2000.11.22"]
[SourceQuality "1"]

1. e4 c5 2. Nf3 Nc6 3. d4 cxd4 4. Nxd4 Nf6 5. Nc3 a6 6. Be3 d6 7. Be2 g6 8. 0-0 Bg7 9. Qd2 0-0 10. f4 Qc7 11. Rad1 b5 12. a3 Bb7 13. Bf3 Na5 14. Qf2 Nc4 15. Bc1 Nd7 16. Nd5 Qd8 17. b3 Na5 18. Be3 e6 19. Nb4 Qe7 20. Qe1 Nb8 21. Bf2 Nac6 22. Ndxc6 Nxc6 23. e5 d5 24. Nxc6 Bxc6 25. b4 Rfc8 26. Bc5 Qe8 27. g4 Bf8 28. Bd4 Bd7 29. c3 a5 30. Qf2 axb4 31. axb4 Ra4 32. Qb2 Rca8 33. Ra1 Qc8 34. Rxa4 Rxa4 35. Ra1 Qa6 36. Rxa4 Qxa4 37. h4 Be7 38. g5 Be8 39. Kf2 1/2-1/2